LEADER 01159nam0-2200385---450 001 990005745580203316 005 20190403125018.0 035 $a000574558 035 $aUSA01000574558 035 $a(ALEPH)000574558USA01 035 $a000574558 100 $a20080221d1979----|||y0itaa50------ba 101 $afre 102 $afr 105 $a0 00||| 200 1 $a<> état et les esclaves$eréflexions pour l'histoire des Etats$fBlandine Barret-Kriegel 210 $a[Paris]$cCalmann-Lévy$dc1979 215 $a262 p.$d21 cm. 225 2 $a<> ordre des choses$fdirigé par Blandine Barret-Kriegel 410 0$12001$a<> ordre des choses 606 $aSTATO$xTEORIE$2F 620 $dPARIS 676 $a320.101 700 1$aBARRET-KRIEGEL,$bBlandine$0234149 801 0$aIT$bSA$c20111219 912 $a990005745580203316 950 0$aDipar.to di Filosofia - Salerno$dDFCC 320.101 BAR$e1371 FIL 951 $aCC 320.101 BAR$b1371 FIL 959 $aBK 969 $aFIL 979 $c20121027$lUSA01$h1526 979 $c20121027$lUSA01$h1615 996 $aÉtat et les esclaves$91082560 997 $aUNISA NUM $aSA0024243 LEADER 01598nam a2200337 i 4500 001 991003950039707536 005 20030107111855.0 008 021113s2001 ||| u ||| | fr 020 $a8822250532 035 $ab11887345-39ule_inst 035 $aEXGIL150103$9ExL 040 $aDip.to Filol. Ling. e Lett.$bita 041 0 $afreita 082 0 $a842.309 100 1 $aCecchetti, Dario$0174983 245 13$aIl tragico e il sacro dal Cinquecento a Racine :$batti del Convegno internazionale di Torino e Vercelli, 14-16 ottobre 1999 /$ca cura di Dario Cecchetti e Daniela Dalla Valle 260 0 $aFirenze :$bL. S. Olschki,$c2001 300 $ax, 329 p. ;$c24 cm. 490 0 $aBiblioteca dell'Archivum Romanicum Ser. 1, Storia, letteratura, paleografia ;$v301 650 4$aLetteratura drammatica francese$ySec. 16.-17.$xCongressi$y1999 650 4$aRacine, Jean$xCongressi$y1999 650 4$aTeatro e religione$zFrancia$xStoria$ySec. 16.-17.$xCongressi$y1999 700 1 $aDalla Valle, Daniela 907 $a.b11887345$b28-04-17$c07-01-03 912 $a991003950039707536 945 $aLE008 LLI O VI 72$g1$i2008000049775$lle008$o-$pE0.00$q-$rl$s- $t0$u1$v0$w1$x0$y.i12144113$z07-01-03 945 $aLE008 LLI O VI 72 C. 02$g1$i2008000036218$lle008$o-$pE0.00$q-$rl$s- $t0$u0$v0$w0$x0$y.i12166108$z05-03-03 945 $aLE002 Lett. III C 2$g1$i2002000244253 $lle002$op$pE0.00$q-$rl$s- $t0$u0$v0$w0$x0$y.i12829924$z10-11-03 996 $aTragico e il sacro dal Cinquecento a Racine$9902231 997 $aUNISALENTO 998 $a(2)le008$ale002$b01-01-02$cm$da $e-$ffre$gxx $h3$i1